On This Day: December 10th Quiz Stats

 Plays Quiz Updated Dec 10, 2017

Support Sporcle.
Go Orange.
Score 0/7 Timer 03:00
0 Plays Today
Question Answer Wrong Answers
This novel by Mark Twain, among the first in major American literature to be written entirely in vernacular English, is published in the UK.
1884
Adventures of Huckleberry Finn
77.6%
A Connecticut Yankee in King Arthur's Court
15.8%
Pudd'nhead Wilson
4.8%
The American Claimant
0.7%
After creating a constitutional crisis by proposing marriage to Wallis Simpson, an American divorcée, this king renounces the British throne.
1936
Edward VIII
74.8%
George V
15.9%
William IV
4.3%
James II
2.7%
This man wins the Nobel Peace Prize for his role in the mediation of the Russo-Japanese War, becoming the first American to win the award.
1906
Theodore Roosevelt
72.6%
William McKinley
10%
William Howard Taft
8.6%
Grover Cleveland
7%
The President of the Republic of China Chiang Kai-shek retreats from Chengdu, boarding a military plane to ______.
1949
Taiwan
69.2%
Russia
7.6%
Philippines
9.5%
Singapore
11%
Sometimes referred to as ‘The Magnolia State’ today, ______ becomes the 20th US state.
1817
Mississippi
57.1%
South Carolina
26.9%
Kentucky
8%
Tennessee
7.6%
After more than seven years of military dictatorship, democracy is restored in this South American country with the inauguration of President Raúl Alfonsín.
1983
Argentina
50.2%
Suriname
5.1%
Peru
15.4%
Venezuela
26.2%
This English mathematician and computer scientist, often regarded as the first computer programmer, is born.
1815
Ada Lovelace
40.4%
Grace Hopper
4.8%
Herman Hollerith
10.4%
Alan Turing
44.4%

You're not logged in!

Compare scores with friends on all Sporcle quizzes.
OR
Log In
Forgot?

From the Vault

Sorting Blitz: Animals by Legs

by bushytailed

Science 60s
Some of these animals literally don't have a leg to stand on.
Remove Ads.
Support Sporcle.
Get the best of Sporcle when you Go Orange. This ad-free experience offers more features, more stats, and more fun while also helping to support Sporcle. Thank you for becoming a member.

Show Comments

Extras

Top Quizzes Today


Score Distribution

Your Account Isn't Verified!

In order to create a playlist on Sporcle, you need to verify the email address you used during registration. Go to your Sporcle Settings to finish the process.

Report this User

Report this user for behavior that violates our Community Guidelines.

Details: